000 00470cam a2200205ua 4500
001 10521
005 20260515114631.0
008 190313n ii |||gr||||Z||||||asm
020 _a8173393230
040 _cMAIN
041 _aasm
082 _a891.4513
100 _aPurabi Barmudai,
_eAuthor.
245 _aBaghsal, baghjal aru manuh
250 _a2nd ed.
260 _aDibrugarh:
_bBanalata,
_c2011.
300 _a281p.
653 _aAssamese novel
942 _cBK
999 _c9494
_d9494